000 01091nam a22002897a 4500
001 BR8007794
003 BR-BrBNA
005 20230928090908.0
007 ta
008 230509b bl.||||| |||| 00| 0 por d
040 _aBR-BrBNA
_bpor
_cBiblioteca Nacional de Agricultura
041 _a(Por)
072 _aL73; C10
_b/G514
090 _ L73 BR8007794
110 1 _aAssociacao de Credito e Assistencia Rural de Santa Catarina, Florianopolis (Brasil);
110 1 _aEmpresa de Assistencia Tecnica e Extensao Rural do Estado de Santa Catarina, Florianopolis (Brasil)
_94031
245 1 _aProjeto de implantacao de acao programada de educacao sanitaria em peste suina no estado de Santa Catarina [Brasil]
260 3 _aFlorianopolis, SC (Brasil):
_c1980.
300 _a10 p.
500 _a(*) Documento disponível no(a) Instituto de Planejamento e Economia Agricola de Santa Catarina, Florianopolis (Brazil)
650 _aPROJETO PECUARIO
650 _aPESTE SUINA
650 _aVETERINARIA
650 _aSANTA CATARINA
909 _a202309
_bLucia
_c55
_dLucia Elande
942 _cBK
999 _c31151
_d31151